000 00932nam a2200217Ia 4500
008 130821s1995 ck gr spa
040 _aCo-BoUCM
_bspa
041 0 0 _aspa
110 _aColombia. Ministerio de Trabajo y Seguridad Social
245 0 0 _aSector Textil
_cMinisterio de Trabajo y Seguridad Social
260 _aBogotá (Cundinamarca, Colombia)
_bEl Ministerio
_c1995
300 _a2 volúmenes
505 _aContenido : v. 1 : Repertorio de factores de riesgo ocupacional y medidas de control.-- v. 2. : Guia para el control de factores de riesgos ocupacionales.-- Incluye índice y bibliografía
650 0 4 _aAccidentes de trabajo
_98309
650 0 4 _aIndustria textil
_917476
650 0 4 _aIndustria textil
_xMedidas de seguridad
_917476
650 0 4 _aSalud ocupacional
_923954
650 0 4 _aSeguridad industrial
_924101
942 _cLIBRO
_a16
_e1
_mC65T
_2DEWEY
_h363.11
999 _c21451
_d21451